| 000 | 01786nam a2200313 4500 | ||
|---|---|---|---|
| 001 | 0000100122 | ||
| 005 | 20250329165434.0 | ||
| 008 | 190730s2019 000 0 eng d | ||
| 040 |
_aCO-CtgCURN _bspa _ccoctgcurn |
||
| 041 | 0 | _aspa | |
| 082 | 0 |
_aENF 2019 _bB456 |
|
| 100 | 1 | _aBenavides Coneo, Emelyn Patricia. | |
| 245 | 1 | 0 |
_aFactores protectores y de riesgos que influyen en el consumo de sustancias psicoactivas en adolescentes de un barrio de la localidad 2 de Cartagena (Colombia) 2019 / _cEmelyn Patricia Benavides Coneo; Madeleine Fortich Santoya; Gilma Rosa Romero Solano; Oscar Luis Torres Torres; Asesora: Diana Marsiglia Lopez. |
| 260 |
_aCartagena de Indias : _bCorporación Universitaria Rafael Núñez, _c2019. |
||
| 300 | _a129 Hojas. | ||
| 336 |
_2rdacontent _atext _btxt |
||
| 337 |
_2rdacarrier _asin mediacion _bn |
||
| 338 |
_2rdacarrier _avolumen _bnc |
||
| 502 | _aTrabajo de grado (Enfermeria). Corporacion Universitaria Rafael Nuñez. Facultad de Ciencias de la salud. Enfermeria, 2019. | ||
| 520 | _aEl consumo de sustancias psicoactivas es una problemática ampliamente difundida con efectos nocivos en la salud, especialmente cuando se presenta en adolescentes, pues son individuos en pleno desarrollo fsico y psicológico. | ||
| 650 | 0 |
_aEnfermeria _vTesis y disertaciones academicas. |
|
| 700 | 1 | _aFortich Santoya, Madeleine. | |
| 700 | 1 | _aRomero Solano, Gilma Rosa. | |
| 700 | 1 | _aTorres Torres, Oscar Luis. | |
| 700 | 1 |
_aMarsiglia López, Diana, _edirectora. |
|
| 856 |
_uhttps://unicurn.sharepoint.com/:b:/s/biblioteca/EZ2veJyIn3FJgTvQCXdvg18Bu_uxabnD5mt2gx9993ttlA?e=CACIcH _zClick aqui para ver el recurso en texto completo |
||
| 942 |
_cTG _hENF 2019 _iB456 |
||
| 999 |
_c4024 _d4024 |
||